000 00451nam a2200181Ia 4500
001 3723
005 20260306145704.0
008 260306t1974||||xx |||||||||||||| ||spa||
041 _aESP
082 _a302.2
_bB74
100 _aBormann, Ernest G.
_eAUT
245 0 _aLa comunicación:
_bun problema de la organización moderna
260 _c1974
300 _a357 páginas :
_c21 cm.
650 _aGEN
654 _aCED
942 _cLIB
_dJUS
_fJUS
_2ddc
_n
999 _c3723
_d3723